000 00647nam a2200169Ia 4500
008 090123s9999 xx 000 0 und d
082 _b33652
100 _aजायस्वाल जयनारायण
245 _aतुमचे आजार आमचा सल्ला
250 _a1
260 _bगोपाल ग्रंथ गृह
600 _aजायस्वाल जयनारायण
630 _aतुमचे आजार आमचा सल्ला
700 _aजायस्वाल जयनारायण
730 _aतुमचे आजार आमचा सल्ला
942 _cBOOK
999 _c71711
_d71711